[Event "Titled Tuesday intern op 27th Feb Late"]
[Site "Chess.com INT"]
[Date "2024.02.27"]
[Round "1"]
[White "Mendez Fortes, Eduardo Jesus"]
[Black "Rengifo Blancas, Renzo Jhonathan"]
[Result "1-0"]
[WhiteElo "2231"]
[BlackElo "2124"]
[PlyCount "81"]
[EventDate "2024.02.27"]
[EventType "swiss (blitz)"]
[EventRounds "11"]
[EventCountry "USA"]
[SourceTitle "CB10_2024"]
[SourceDate "2024.03.06"]
[SourceVersion "1"]
[SourceVersionDate "2024.03.06"]
[SourceQuality "1"]

1. e4 e5 2. Nf3 Nc6 3. Bb5 Nd4 4. Nxd4 exd4 5. d3 c6 6. Bc4 d5 7. exd5 cxd5 8. Bb5+ Bd7 9. Bxd7+ Qxd7 10. 0-0 Nf6 11. Re1+ Be7 12. Nd2 0-0 13. Nb3 Bb4 14. Bd2 Qa4 15. Bxb4 Qxb4 16. a3 Qb6 17. Qd2 a5 18. a4 Rfc8 19. Re2 h6 20. Rd1 Rc6 21. Qf4 Rac8 22. Qxd4 Qc7 23. c3 Rb6 24. Nxa5 Ra6 25. Nb3 Rca8 26. a5 b6 27. axb6 Rxb6 28. Nc5 Ra2 29. h3 Raxb2 30. Rxb2 Rxb2 31. Qe3 Rc2 32. d4 Ne4 33. Nxe4 dxe4 34. Qxe4 Rxc3 35. d5 Qd7 36. d6 Rc6 37. Qe7 Rc7 38. dxc7 Qxd1+ 39. Kh2 Qd2 40. Qd8+ Kh7 41. Qxd2 1-0

[Event "Titled Tuesday intern op 18th Jul Late"]
[Site "Chess.com INT"]
[Date "2023.07.18"]
[Round "1"]
[White "De Souza, Cristiano Gomes"]
[Black "Rengifo Blancas, Renzo Jhonathan"]
[Result "0-1"]
[WhiteElo "2018"]
[BlackElo "2134"]
[PlyCount "102"]
[EventDate "2023.07.18"]
[EventType "swiss (blitz)"]
[EventRounds "11"]
[EventCountry "USA"]
[SourceTitle "EXT 2024"]
[Source "ChessBase"]
[SourceDate "2023.10.10"]
[SourceVersion "1"]
[SourceVersionDate "2023.10.10"]
[SourceQuality "1"]

1. d4 d6 2. Nf3 Nf6 3. c4 Nbd7 4. Nc3 e5 5. dxe5 dxe5 6. e4 c6 7. Be2 Bb4 8. Bd2 Bxc3 9. Bxc3 Nxe4 10. Bxe5 Qa5+ 11. Bc3 Nxc3 12. Qd2 0-0 13. Rc1 Nf6 14. Qxc3 Qxc3+ 15. Rxc3 Re8 16. Nd2 Bf5 17. Kd1 Rad8 18. f3 Nh5 19. Re1 Nf4 20. Bf1 Rxe1+ 21. Kxe1 h5 22. g3 Ne6 23. Nb3 Nd4 24. Nxd4 Rxd4 25. Be2 f6 26. b3 Kf7 27. Rc1 Rd8 28. Rd1 Re8 29. Kf2 g5 30. Rd2 a5 31. a3 Re7 32. Bd3 Be6 33. Re2 Rd7 34. Bc2 a4 35. Ke3 b5 36. bxa4 Bxc4 37. Rd2 Ra7 38. axb5 cxb5 39. Kd4 Rxa3 40. Be4 f5 41. Bxf5 Rxf3 42. Be4 Rf1 43. Kc5 Kf6 44. Bd5 Rf5 45. Kd6 Rxd5+ 46. Rxd5 Bxd5 47. Kxd5 Kf5 48. Kc5 Kg4 49. Kxb5 Kh3 50. Kc5 Kxh2 51. Kd4 Kxg3 0-1

[Event "Titled Tuesday intern op 11th Jul Early"]
[Site "Chess.com INT"]
[Date "2023.07.11"]
[Round "2"]
[White "Rengifo Blancas, Renzo Jhonathan"]
[Black "Andreassen, Lars"]
[Result "0-1"]
[WhiteElo "2134"]
[BlackElo "2168"]
[PlyCount "134"]
[EventDate "2023.07.11"]
[EventType "swiss (blitz)"]
[EventRounds "11"]
[EventCountry "USA"]
[SourceTitle "EXT 2024"]
[Source "ChessBase"]
[SourceDate "2023.10.10"]
[SourceVersion "1"]
[SourceVersionDate "2023.10.10"]
[SourceQuality "1"]

1. e4 d6 2. d4 Nf6 3. Nc3 e5 4. Nge2 Nbd7 5. g3 Be7 6. Bg2 0-0 7. 0-0 c6 8. h3 Qc7 9. f4 b5 10. a3 a5 11. Be3 Ba6 12. Kh2 b4 13. Nb1 c5 14. d5 Rfe8 15. Nd2 exf4 16. Nxf4 Bf8 17. Rf2 Ne5 18. Nh5 Nxh5 19. Qxh5 g6 20. Qh4 Bg7 21. Bh6 Bh8 22. Bf1 c4 23. Nf3 Qb6 24. Kg2 Nxf3 25. Rxf3 Bxb2 26. Rb1 bxa3 27. Rxa3 Qd4 28. Be3 Qh8 29. Rxa5 Qc3 30. Ra2 Qxc2+ 31. Kg1 Qxb1 32. Rxb2 Qxb2 33. e5 Qxe5 34. Bd4 Qxd5 35. Qf6 Qxd4+ 36. Qxd4 Re1 37. Kf2 Rxf1+ 38. Kxf1 c3+ 39. Ke1 c2 40. Kd2 Rc8 41. Kc1 Be2 42. Qxd6 Bd1 43. h4 Ra8 44. Qd4 Rb8 45. Kd2 h5 46. g4 Rb1 47. Qd8+ Kh7 48. Qc7 c1Q+ 49. Qxc1 Rxc1 50. gxh5 Bxh5 51. Kxc1 Kg7 52. Kd2 Kf6 53. Ke3 Kf5 54. Kf2 f6 55. Kg1 Kf4 56. Kf2 Kg4 57. Kg2 Kxh4 58. Kh2 g5 59. Kg2 f5 60. Kf2 f4 61. Kg1 g4 62. Kf2 g3+ 63. Kf1 Bf7 64. Kg1 Bd5 65. Kf1 Kh3 66. Kg1 Bf3 67. Kf1 Kh2 0-1

[Event "Titled Tuesday intern op 04th Jul Late"]
[Site "Chess.com INT"]
[Date "2023.07.04"]
[Round "1"]
[White "Rengifo Blancas, Renzo Jhonathan"]
[Black "Livaic, Leon"]
[Result "1-0"]
[WhiteElo "2134"]
[BlackElo "2565"]
[PlyCount "171"]
[EventDate "2023.07.04"]
[EventType "swiss (blitz)"]
[EventRounds "11"]
[EventCountry "USA"]
[SourceTitle "EXT 2024"]
[Source "ChessBase"]
[SourceDate "2023.10.10"]
[SourceVersion "1"]
[SourceVersionDate "2023.10.10"]
[SourceQuality "1"]

1. e4 e6 2. d4 d5 3. Bd3 c5 4. exd5 exd5 5. dxc5 Bxc5 6. Nf3 Nf6 7. 0-0 0-0 8. Nc3 Nc6 9. h3 h6 10. Bf4 Re8 11. Qd2 Be6 12. Rfe1 Bb4 13. a3 Ba5 14. b4 Bc7 15. Rad1 Bxf4 16. Qxf4 Rc8 17. Nb5 a6 18. Nd6 Qc7 19. Qh2 Red8 20. Nxc8 Qxc8 21. Qf4 Ne7 22. Nd4 Nc6 23. Nxe6 fxe6 24. Qh4 e5 25. c4 e4 26. cxd5 exd3 27. dxc6 Qxc6 28. Qg3 Qc2 29. Rb1 Ne4 30. Qe3 d2 31. Red1 Nc3 32. Qe7 Rf8 33. Qc5 Rd8 34. Ra1 Qd3 35. Qe7 Nxd1 36. Rxd1 Rd7 37. Qe6+ Kh7 38. Kh2 Qd6+ 39. Qxd6 Rxd6 40. Kg3 Rd3+ 41. Kf4 b5 42. Ke4 Rxa3 43. Rxd2 Rb3 44. Rd4 Rb2 45. Kf3 g5 46. Rd6 Ra2 47. Rb6 h5 48. Ke3 Ra3+ 49. Ke2 h4 50. Rc6 Kg7 51. Rb6 Kf7 52. Rc6 Ra4 53. Rb6 Ke7 54. Rg6 Kd7 55. Rxg5 Rxb4 56. Rg6 a5 57. Ra6 a4 58. g4 hxg3 59. fxg3 Kc7 60. h4 Kb7 61. Ra5 Re4+ 62. Kf3 Kb6 63. Ra8 Re7 64. h5 Kb7 65. Ra5 Kb6 66. Ra8 Rf7+ 67. Ke4 Rg7 68. Kf4 Rf7+ 69. Ke4 Re7+ 70. Kf4 Rg7 71. h6 Rg6 72. h7 Rh6 73. h8Q Rxh8 74. Rxh8 a3 75. Ra8 b4 76. g4 Kc5 77. g5 Kc4 78. g6 b3 79. g7 b2 80. g8Q+ Kc3 81. Qc8+ Kb3 82. Qb7+ Ka2 83. Qd5+ Kb1 84. Qd1+ Ka2 85. Qc2 Ka1 86. Rxa3# 1-0

[Event "Titled Tuesday intern op 27th Jun Late"]
[Site "Chess.com INT"]
[Date "2023.06.27"]
[Round "4"]
[White "Rengifo Blancas, Renzo Jhonathan"]
[Black "Hambleton, Aman"]
[Result "0-1"]
[WhiteElo "2131"]
[BlackElo "2420"]
[PlyCount "108"]
[EventDate "2023.06.27"]
[EventType "swiss (blitz)"]
[EventRounds "11"]
[EventCountry "USA"]
[SourceTitle "EXT 2024"]
[Source "ChessBase"]
[SourceDate "2023.10.10"]
[SourceVersion "1"]
[SourceVersionDate "2023.10.10"]
[SourceQuality "1"]

1. e4 c6 2. d4 g6 3. Nc3 Nf6 4. f4 d5 5. e5 Nh5 6. Nf3 Bg4 7. Bd3 e6 8. 0-0 Ng7 9. h3 Bxf3 10. Qxf3 h5 11. Be3 h4 12. Bf2 Be7 13. Nd1 Nd7 14. c4 dxc4 15. Bxc4 Nb6 16. Bb3 Nf5 17. Qc3 Nd5 18. Qe1 Nxf4 19. Nc3 Nd3 20. Qe4 Nxf2 21. Rxf2 Qxd4 22. Qe2 Bc5 23. Nd1 Ng3 24. Qc2 Ne4 25. Kf1 Nxf2 26. Nxf2 Qxf2+ 27. Qxf2 Bxf2 28. Kxf2 Rd8 29. Ke3 Rh5 30. Ke4 Rd2 31. Rf1 Rxg2 32. Kd4 Rd2+ 33. Kc5 Rxe5+ 34. Kb4 Rd4+ 35. Ka3 Ra5+ 36. Ba4 Raxa4+ 37. Kb3 Rab4+ 38. Ka3 Rb5 39. b4 a5 40. Rxf7 Kxf7 41. Ka4 Rdxb4+ 42. Ka3 Rb1 43. Ka4 Rd5 44. a3 Rb4+ 45. axb4 axb4 46. Kb3 b6 47. Kc4 Kf6 48. Kb3 Rd4 49. Ka4 Kf5 50. Kb3 b5 51. Kc2 c5 52. Kb3 e5 53. Ka2 Kf4 54. Kb3 Kg3 0-1

[Event "Titled Tuesday intern op 27th Jun Early"]
[Site "Chess.com INT"]
[Date "2023.06.27"]
[Round "1"]
[White "Rengifo Blancas, Renzo Jhonathan"]
[Black "Kushko, Dmitriy"]
[Result "0-1"]
[WhiteElo "2131"]
[BlackElo "2426"]
[PlyCount "36"]
[EventDate "2023.06.27"]
[EventType "swiss (blitz)"]
[EventRounds "11"]
[EventCountry "USA"]
[SourceTitle "EXT 2024"]
[Source "ChessBase"]
[SourceDate "2023.10.10"]
[SourceVersion "1"]
[SourceVersionDate "2023.10.10"]
[SourceQuality "1"]

1. e4 g6 2. d4 Bg7 3. c4 d6 4. Nc3 e5 5. d5 a5 6. Nf3 Na6 7. Be2 Ne7 8. Be3 0-0 9. h3 f5 10. exf5 Nxf5 11. 0-0 Nxe3 12. fxe3 Nc5 13. Qc2 Bd7 14. b3 e4 15. Nd4 Qg5 16. Qd2 Bxh3 17. Bd1 Bxd4 18. Rxf8+ Rxf8 0-1

[Event "Titled Tuesday intern op 13th Jun Late"]
[Site "Chess.com INT"]
[Date "2023.06.13"]
[Round "2"]
[White "Rengifo Blancas, Renzo Jhonathan"]
[Black "Kramnik, Vladimir"]
[Result "0-1"]
[WhiteElo "2131"]
[BlackElo "2753"]
[PlyCount "78"]
[EventDate "2023.06.13"]
[EventType "swiss (blitz)"]
[EventRounds "11"]
[EventCountry "USA"]
[SourceTitle "EXT 2024"]
[Source "ChessBase"]
[SourceDate "2023.10.10"]
[SourceVersion "1"]
[SourceVersionDate "2023.10.10"]
[SourceQuality "1"]

1. e4 c5 2. c3 d5 3. exd5 Qxd5 4. d4 Nf6 5. Nf3 Nc6 6. Be3 Bg4 7. Be2 cxd4 8. cxd4 e6 9. Nc3 Bb4 10. h3 Bh5 11. 0-0 Qa5 12. Qb3 0-0 13. Rac1 Rfd8 14. Rfd1 Rac8 15. a3 Bxc3 16. Rxc3 Nd5 17. Rc5 Qc7 18. g4 Bg6 19. Ne5 f6 20. Nxc6 bxc6 21. Rdc1 Rb8 22. Qa2 Qe7 23. Bf3 Bf7 24. Rxc6 e5 25. Qb1 Nxe3 26. Rc7 Qe8 27. fxe3 exd4 28. exd4 Qe3+ 29. Kg2 Qd2+ 30. Kg3 Rxb2 31. R1c2 Rxc2 32. Qxc2 Qxd4 33. Qc5 Qxc5 34. Rxc5 h5 35. Rc7 hxg4 36. hxg4 Rd3 37. Rc8+ Kh7 38. Kf4 g5+ 39. Ke4 Bg6# 0-1

[Event "Titled Tuesday intern op 06th Jun Late"]
[Site "Chess.com INT"]
[Date "2023.06.06"]
[Round "2"]
[White "Djordjevic, Dejan N"]
[Black "Rengifo Blancas, Renzo Jhonathan"]
[Result "0-1"]
[WhiteElo "2159"]
[BlackElo "2131"]
[PlyCount "72"]
[EventDate "2023.06.06"]
[EventType "swiss (blitz)"]
[EventRounds "11"]
[EventCountry "USA"]
[SourceTitle "EXT 2024"]
[Source "ChessBase"]
[SourceDate "2023.10.10"]
[SourceVersion "1"]
[SourceVersionDate "2023.10.10"]
[SourceQuality "1"]

1. e4 d6 2. d4 e5 3. Nf3 exd4 4. Nxd4 Nf6 5. Nc3 Be7 6. Be2 0-0 7. 0-0 c5 8. Nb3 Nc6 9. Be3 Be6 10. f4 Re8 11. h3 Bf8 12. Qd2 Bxb3 13. axb3 Nxe4 14. Nxe4 Rxe4 15. Bf3 Re8 16. Bf2 Qf6 17. c3 a6 18. Qd3 Qxf4 19. Bd5 Ne5 20. Qd1 Qg5 21. Bxb7 Rab8 22. Bd5 Ng6 23. Bxf7+ Kh8 24. Bxe8 Rxe8 25. Qf3 Be7 26. Rxa6 Rf8 27. Qg4 Qd2 28. Qe6 Bg5 29. Qxd6 Qe2 30. Qe6 Qd3 31. Rd6 Qc2 32. Rd5 Nf4 33. Qd6 Ne2+ 34. Kh1 Ng3+ 35. Qxg3 Bf4 36. Qg4 h5 0-1

[Event "Titled Tuesday intern op 23rd May Early"]
[Site "Chess.com INT"]
[Date "2023.05.23"]
[Round "1"]
[White "Rengifo Blancas, Renzo Jhonathan"]
[Black "Zakhartsov, Vladimir"]
[Result "0-1"]
[WhiteElo "2131"]
[BlackElo "2552"]
[PlyCount "130"]
[EventDate "2023.05.23"]
[EventType "swiss (blitz)"]
[EventRounds "11"]
[EventCountry "USA"]
[SourceTitle "CBM 214 Extra"]
[Source "ChessBase"]
[SourceDate "2023.07.31"]
[SourceVersion "1"]
[SourceVersionDate "2023.07.31"]
[SourceQuality "1"]

1. e4 g6 2. d4 Bg7 3. Nc3 a6 4. f4 b5 5. Nf3 Bb7 6. Bd3 d6 7. Qe2 c5 8. dxc5 dxc5 9. e5 Nh6 10. Be3 Qc7 11. Be4 Nd7 12. Nd5 Qc8 13. 0-0-0 e6 14. Nc3 b4 15. Bxb7 Qxb7 16. Na4 0-0 17. Nxc5 Nxc5 18. Bxc5 Rfc8 19. Bd6 b3 20. axb3 Qxb3 21. Qd3 Qa2 22. Qa3 Qc4 23. Nd4 Nf5 24. b3 Qc3 25. Qb2 Qe3+ 26. Kb1 Nxd6 27. exd6 Qxf4 28. Rhf1 Qxd6 29. Nf5 Qxd1+ 30. Rxd1 Bxb2 31. Ne7+ Kf8 32. Nxc8 Rxc8 33. Kxb2 Ke7 34. c4 e5 35. Kc3 f5 36. Kb4 Rb8+ 37. Ka4 Rd8 38. Re1 e4 39. Ka5 Rb8 40. b4 Kd6 41. Rb1 Ra8 42. Kb6 f4 43. c5+ Kd5 44. Kb7 Re8 45. c6 e3 46. c7 g5 47. Rd1+ Ke4 48. Rd8 Re7 49. Kb8 Rxc7 50. Kxc7 g4 51. Re8+ Kd3 52. Kb6 f3 53. gxf3 gxf3 54. Kxa6 f2 55. Rd8+ Ke2 56. b5 f1Q 57. b6 Qa1+ 58. Kb7 Kf2 59. Rf8+ Kg2 60. Rg8+ Kxh2 61. Kc8 e2 62. b7 Qc3+ 63. Kd7 Qd4+ 64. Kc6 Qc4+ 65. Kd7 Qxg8 0-1

[Event "Titled Tuesday intern op 16th May Early"]
[Site "Chess.com INT"]
[Date "2023.05.16"]
[Round "1"]
[White "Antipov, Mikhail Al"]
[Black "Rengifo Blancas, Renzo Jhonathan"]
[Result "1-0"]
[WhiteElo "2588"]
[BlackElo "2131"]
[PlyCount "65"]
[EventDate "2023.05.16"]
[EventType "swiss (blitz)"]
[EventRounds "11"]
[EventCountry "USA"]
[SourceTitle "CBM 214 Extra"]
[Source "ChessBase"]
[SourceDate "2023.07.31"]
[SourceVersion "1"]
[SourceVersionDate "2023.07.31"]
[SourceQuality "1"]

1. e4 e5 2. Nf3 d6 3. Nc3 Nf6 4. d4 exd4 5. Nxd4 Be7 6. Bf4 0-0 7. Qd2 Nc6 8. 0-0-0 Be6 9. Nxe6 fxe6 10. Bc4 Qc8 11. a3 Kh8 12. f3 a6 13. Ne2 b5 14. Ba2 Rb8 15. h4 b4 16. a4 Na5 17. Kb1 Qd7 18. e5 Nd5 19. Bxd5 exd5 20. Qxd5 Qxa4 21. b3 Qb5 22. Qxb5 axb5 23. exd6 cxd6 24. Bxd6 Bxd6 25. Rxd6 Nb7 26. Rd5 Ra8 27. Re1 Ra7 28. Nd4 Rfa8 29. Kc1 h6 30. Kd2 Nd8 31. Re8+ Kh7 32. Rdxd8 Rxd8 33. Rxd8 1-0

[Event "Titled Tuesday intern op 21st Feb Early"]
[Site "Chess.com INT"]
[Date "2023.02.21"]
[Round "3"]
[White "Arabidze, Meri"]
[Black "Rengifo Blancas, Renzo Jhonathan"]
[Result "0-1"]
[WhiteElo "2427"]
[BlackElo "2131"]
[PlyCount "134"]
[EventDate "2023.02.21"]
[EventType "swiss (blitz)"]
[EventRounds "11"]
[EventCountry "USA"]
[SourceTitle "CBM 212 Extra"]
[Source "ChessBase"]
[SourceDate "2023.03.31"]
[SourceVersion "1"]
[SourceVersionDate "2023.03.31"]
[SourceQuality "1"]

1. Nf3 Nf6 2. g3 d5 3. Bg2 g6 4. 0-0 Bg7 5. d4 0-0 6. c4 c6 7. cxd5 cxd5 8. Nc3 Nc6 9. Ne5 Bd7 10. e3 e6 11. Nd3 Rc8 12. b3 Nxd4 13. exd4 Rxc3 14. Bb2 Rc8 15. Nc5 b6 16. Nd3 Bb5 17. Re1 Nd7 18. a4 Ba6 19. Ne5 Re8 20. b4 Nxe5 21. dxe5 Bc4 22. Bd4 Qd7 23. a5 b5 24. Bc5 a6 25. Bd6 Bf8 26. Bxf8 Rxf8 27. Qd4 Qe7 28. Qb6 Ra8 29. Rab1 Rfb8 30. Qd4 Rc8 31. h4 Ba2 32. Rb2 Bc4 33. Rbb1 Rc6 34. h5 Rac8 35. h6 Qg5 36. Qf4 Qxf4 37. gxf4 Bd3 38. Rbd1 Bf5 39. Bf1 Rc2 40. Ra1 R8c3 41. Re3 Rc8 42. Ree1 Kf8 43. Red1 Ke7 44. Rdb1 Kd7 45. Rb3 R2c3 46. Rxc3 Rxc3 47. Rd1 Rb3 48. Rd4 Rb1 49. Kg2 Bh3+ 50. Kxh3 Rxf1 51. Kg2 Rb1 52. Kf3 Rb3+ 53. Kg4 Rb2 54. Kg5 Ke7 55. Rd3 Rc2 56. f3 Rg2+ 57. Kh4 Rc2 58. Kg5 Rc4 59. Rd2 Rxb4 60. Rc2 Rc4 61. Rb2 d4 62. Rd2 b4 63. f5 exf5 64. f4 b3 65. Rb2 Rc3 66. Rd2 d3 67. Rd1 b2 0-1

[Event "Titled Tuesday intern op 21st Feb Early"]
[Site "Chess.com INT"]
[Date "2023.02.21"]
[Round "4"]
[White "Rengifo Blancas, Renzo Jhonathan"]
[Black "Shuvalova, Polina"]
[Result "0-1"]
[WhiteElo "2131"]
[BlackElo "2498"]
[PlyCount "40"]
[EventDate "2023.02.21"]
[EventType "swiss (blitz)"]
[EventRounds "11"]
[EventCountry "USA"]
[SourceTitle "CBM 212 Extra"]
[Source "ChessBase"]
[SourceDate "2023.03.31"]
[SourceVersion "1"]
[SourceVersionDate "2023.03.31"]
[SourceQuality "1"]

1. e4 c6 2. d4 d5 3. Nc3 dxe4 4. Nxe4 Nf6 5. Nxf6+ exf6 6. c3 Bd6 7. Bd3 0-0 8. Qh5 g6 9. Qh4 Re8+ 10. Ne2 b6 11. Bf4 Ba6 12. Bxd6 Bxd3 13. Bxb8 Rxe2+ 14. Kd1 Rxb8 15. Qg3 Ba6 16. Re1 Rxe1+ 17. Kxe1 Qe7+ 18. Kd2 Qe2+ 19. Kc1 Bd3 20. Qxb8+ Kg7 0-1

[Event "Titled Tuesday intern op 31st Jan Early"]
[Site "Chess.com INT"]
[Date "2023.01.31"]
[Round "2"]
[White "Kosteniuk, Alexandra"]
[Black "Rengifo Blancas, Renzo Jhonathan"]
[Result "1-0"]
[WhiteElo "2519"]
[BlackElo "2131"]
[PlyCount "67"]
[EventDate "2023.01.31"]
[EventType "swiss (blitz)"]
[EventRounds "11"]
[EventCountry "USA"]
[SourceTitle "CBM 212 Extra"]
[Source "ChessBase"]
[SourceDate "2023.03.31"]
[SourceVersion "1"]
[SourceVersionDate "2023.03.31"]
[SourceQuality "1"]

1. e4 e5 2. Nf3 Nc6 3. Bc4 Bc5 4. c3 Nf6 5. d4 exd4 6. b4 Bb6 7. e5 d5 8. exf6 dxc4 9. Qe2+ Be6 10. b5 Na5 11. fxg7 Rg8 12. cxd4 Bxd4 13. Nxd4 Qxd4 14. Bb2 Qd5 15. 0-0 0-0-0 16. Qe3 b6 17. Bf6 Rde8 18. Nc3 Qf5 19. Qd4 Nb7 20. a4 Nc5 21. Rae1 Nd3 22. Re3 Nf4 23. Rf3 Ne2+ 24. Nxe2 Qg6 25. Ng3 h5 26. h4 Bg4 27. Rf4 Re6 28. Qd5 Rge8 29. Qa8+ Kd7 30. Rd4+ Rd6 31. Qc6+ Ke6 32. Qxe8+ Kxf6 33. Rxd6+ cxd6 34. g8Q 1-0

[Event "Titled Tuesday intern op 31st Jan Early"]
[Site "Chess.com INT"]
[Date "2023.01.31"]
[Round "4"]
[White "Rengifo Blancas, Renzo Jhonathan"]
[Black "Kubicka, Anna"]
[Result "1-0"]
[WhiteElo "2131"]
[BlackElo "2200"]
[PlyCount "81"]
[EventDate "2023.01.31"]
[EventType "swiss (blitz)"]
[EventRounds "11"]
[EventCountry "USA"]
[SourceTitle "CBM 212 Extra"]
[Source "ChessBase"]
[SourceDate "2023.03.31"]
[SourceVersion "1"]
[SourceVersionDate "2023.03.31"]
[SourceQuality "1"]

1. e4 c5 2. c3 d6 3. d4 cxd4 4. cxd4 g6 5. Nc3 Bg7 6. Nf3 Nc6 7. Be3 Bg4 8. d5 Ne5 9. Bb5+ Kf8 10. Be2 Bxf3 11. Bxf3 h5 12. 0-0 Nxf3+ 13. Qxf3 Nf6 14. h3 Nd7 15. Qg3 Rc8 16. Rac1 Kg8 17. f4 Kh7 18. f5 Be5 19. fxg6+ fxg6 20. Rf7+ Bg7 21. Qg5 Kg8 22. Qxg6 Rh7 23. Bh6 Qb6+ 24. Kh1 Qd4 25. Rxe7 Rxh6 26. Qf7+ Kh8 27. Rxd7 Rf8 28. Qe7 Rg6 29. Qh4 Qe5 30. Re7 Qd4 31. Qxh5+ Rh6 32. Qg4 Bf6 33. Re6 Rg8 34. Qe2 Rhg6 35. Rd1 Qb4 36. Rg1 Bxc3 37. bxc3 Qxc3 38. Qh5+ Kg7 39. Qxg6+ Kf8 40. Rf1+ Qf3 41. Rxf3# 1-0

[Event "Titled Tuesday intern op 24th Jan Late"]
[Site "Chess.com INT"]
[Date "2023.01.24"]
[Round "1"]
[White "Preotu, Razvan"]
[Black "Rengifo Blancas, Renzo Jhonathan"]
[Result "1-0"]
[WhiteElo "2478"]
[BlackElo "2131"]
[PlyCount "55"]
[EventDate "2023.01.24"]
[EventType "swiss (blitz)"]
[EventRounds "11"]
[EventCountry "USA"]
[SourceTitle "EXT 2024"]
[Source "ChessBase"]
[SourceDate "2023.10.10"]
[SourceVersion "1"]
[SourceVersionDate "2023.10.10"]
[SourceQuality "1"]

1. e4 e5 2. Nf3 Nc6 3. Bc4 Bc5 4. c3 Nf6 5. d3 a6 6. 0-0 0-0 7. Re1 Ba7 8. Bg5 d6 9. Nbd2 Be6 10. b4 h6 11. Bh4 Re8 12. a4 Bxc4 13. Nxc4 b5 14. Ne3 Bxe3 15. fxe3 Re6 16. d4 exd4 17. exd4 g5 18. d5 Rxe4 19. dxc6 gxh4 20. Rxe4 Nxe4 21. Qd4 Ng5 22. Nxh4 Qe8 23. Nf5 Qe5 24. Qxe5 dxe5 25. axb5 Ne4 26. bxa6 Nd6 27. Nxd6 cxd6 28. b5 1-0

[Event "Titled Tuesday intern op 10th Jan Late"]
[Site "Chess.com INT"]
[Date "2023.01.10"]
[Round "1"]
[White "Boruchovsky, Avital"]
[Black "Rengifo Blancas, Renzo Jhonathan"]
[Result "1-0"]
[WhiteElo "2553"]
[BlackElo "2131"]
[PlyCount "185"]
[EventDate "2023.01.10"]
[EventType "swiss (blitz)"]
[EventRounds "11"]
[EventCountry "USA"]
[SourceTitle "EXT 2024"]
[Source "ChessBase"]
[SourceDate "2023.10.10"]
[SourceVersion "1"]
[SourceVersionDate "2023.10.10"]
[SourceQuality "1"]

1. d4 d5 2. c4 c6 3. Nf3 Nf6 4. Qc2 g6 5. e3 Bg7 6. Bd3 0-0 7. 0-0 dxc4 8. Qxc4 Nbd7 9. b4 Nb6 10. Qc2 a5 11. bxa5 Nbd5 12. Bd2 Qd6 13. a3 Nd7 14. e4 Nc7 15. Bb4 Qf6 16. Nc3 e5 17. Bxf8 Bxf8 18. d5 Nc5 19. dxc6 bxc6 20. Bc4 Bg4 21. Nd2 N7e6 22. Ne2 Bxe2 23. Bxe2 Nd4 24. Qc4 Rxa5 25. a4 Qe6 26. Rfe1 Qxc4 27. Nxc4 Rxa4 28. Rxa4 Nxa4 29. Bf1 f6 30. Ra1 Nc5 31. f3 Nce6 32. Ra8 Kg7 33. Kf2 Bc5 34. g3 Nb5+ 35. Kg2 Nbd4 36. Bd3 h5 37. Na5 h4 38. Nb7 Bb6 39. Nd6 h3+ 40. Kxh3 Nxf3 41. Bc4 Neg5+ 42. Kg2 Nd2 43. Ne8+ Kh6 44. Bd3 Ndxe4 45. Bxe4 Nxe4 46. Ra6 Bd8 47. Rxc6 g5 48. Kf3 Nd2+ 49. Ke2 Ne4 50. Ke3 Nc5 51. Rxc5 Bb6 52. Nxf6 Bxc5+ 53. Ke4 Bg1 54. Kxe5 Kg6 55. Ng4 Kh5 56. Kf5 Bc5 57. Nf6+ Kh6 58. h3 Bb6 59. Ne4 Bd8 60. g4 Be7 61. Ke6 Bd8 62. Kf7 Ba5 63. Nd6 Bd2 64. Nf5+ Kh7 65. Kf6 Bf4 66. Nd4 Kh6 67. Nf5+ Kh7 68. Ng7 Bc1 69. Ne6 Kh6 70. Nd8 Bb2+ 71. Kf5 Bc1 72. Nf7+ Kg7 73. Nxg5 Kh6 74. Ne6 Kh7 75. h4 Bb2 76. g5 Ba3 77. h5 Be7 78. Nf4 Bf8 79. Ng6 Bg7 80. Ne5 Bf8 81. Ng4 Bg7 82. g6+ Kg8 83. h6 Bc3 84. Nf6+ Bxf6 85. Kxf6 Kh8 86. g7+ Kh7 87. Kf7 Kxh6 88. g8Q Kh5 89. Qg6+ Kh4 90. Kf6 Kh3 91. Kf5 Kh2 92. Kf4 Kh1 93. Kf3 1-0

[Event "Titled Tuesday intern op 03rd Jan Early"]
[Site "Chess.com INT"]
[Date "2023.01.03"]
[Round "1"]
[White "Harsh, Suresh"]
[Black "Rengifo Blancas, Renzo Jhonathan"]
[Result "1-0"]
[WhiteElo "2261"]
[BlackElo "2131"]
[PlyCount "97"]
[EventDate "2023.01.03"]
[EventType "swiss (blitz)"]
[EventRounds "11"]
[EventCountry "USA"]
[SourceTitle "EXT 2024"]
[Source "ChessBase"]
[SourceDate "2023.10.10"]
[SourceVersion "1"]
[SourceVersionDate "2023.10.10"]
[SourceQuality "1"]

1. e4 e5 2. Nf3 Nc6 3. Bb5 Nd4 4. Nxd4 exd4 5. d3 Bc5 6. Qg4 Qf6 7. 0-0 Ne7 8. Bg5 Qe6 9. Qxe6 fxe6 10. Nd2 h6 11. Bf4 c6 12. Ba4 0-0 13. Bg3 b5 14. Bb3 a5 15. a4 Bb7 16. Nf3 Ng6 17. Ra2 d5 18. Rfa1 b4 19. Re1 Rfe8 20. Raa1 Kf8 21. Re2 Re7 22. Rae1 Rae8 23. h4 h5 24. Ng5 Kg8 25. Kf1 Rf8 26. exd5 exd5 27. Ne6 Bb6 28. Nxf8 Rxe2 29. Nxg6 Rxe1+ 30. Kxe1 c5 31. Bxd5+ Bxd5 32. Ne7+ Kf7 33. Nxd5 Bd8 34. Nf4 g6 35. Ne2 Ke6 36. Nc1 Kd5 37. Nb3 c4 38. dxc4+ Kxc4 39. Nd2+ Kd5 40. Ke2 g5 41. hxg5 Bxg5 42. Kd3 Bd8 43. Nb3 h4 44. Bh2 Bb6 45. f3 Bc7 46. Bxc7 h3 47. gxh3 Kc6 48. Bxa5 Kd7 49. Bxb4 1-0

[Event "Titled Tuesday intern op 27th Dec Late"]
[Site "Chess.com INT"]
[Date "2022.12.27"]
[Round "8"]
[White "Moral Garcia, Serafin"]
[Black "Rengifo Blancas, Renzo Jhonathan"]
[Result "0-1"]
[WhiteElo "2219"]
[BlackElo "2131"]
[PlyCount "128"]
[EventDate "2022.12.27"]
[EventType "swiss (blitz)"]
[EventRounds "11"]
[EventCountry "USA"]
[SourceTitle "EXT 2024"]
[Source "ChessBase"]
[SourceDate "2023.10.10"]
[SourceVersion "1"]
[SourceVersionDate "2023.10.10"]
[SourceQuality "1"]

1. e4 e5 2. Nf3 Nc6 3. Bb5 Bc5 4. 0-0 Nf6 5. Bxc6 dxc6 6. d3 Bg4 7. Nbd2 Qe7 8. Re1 0-0-0 9. Nf1 h5 10. Qe2 h4 11. h3 Bh5 12. Be3 Nd7 13. N1h2 Nf8 14. Rad1 Ne6 15. c3 g5 16. Bxc5 Qxc5 17. Qe3 Qxe3 18. Rxe3 f6 19. Rd2 Rd7 20. Ne1 Rhd8 21. g3 c5 22. b3 b5 23. c4 b4 24. Nc2 Nd4 25. Nxd4 Rxd4 26. g4 Bg6 27. Nf3 R4d6 28. Ne1 Kd7 29. f3 Ke7 30. Ree2 a5 31. a4 bxa3 32. Ra2 Rxd3 33. Nxd3 Rxd3 34. Rxa3 Rxf3 35. Kh2 Bf7 36. Rxa5 Kd6 37. Rd2+ Kc6 38. Rb5 Bg6 39. Rd5 Bxe4 40. Rdxc5+ Kd6 41. b4 Rg3 42. Rb8 Rg2+ 43. Kh1 Rxg4+ 44. Kh2 Rg2+ 45. Kh1 Rg3+ 46. Kh2 Bf5 47. Rd8+ Ke7 48. Rg8 Rxh3+ 49. Kg2 Rg3+ 50. Kf2 Kf7 51. Rh8 Kg7 52. Rd8 Kg6 53. Rxc7 Be4 54. b5 Rf3+ 55. Ke2 h3 56. Rh8 Rg3 57. b6 Rb3 58. c5 g4 59. Rg8+ Kf5 60. Rh7 Kf4 61. Rh6 Rb2+ 62. Kd1 f5 63. Rd8 Ke3 64. Rd2 Rb1# 0-1